Statistics for Countries with more than One Million People.

Click here to take the quiz!

General Stats

  • This quiz has been taken 95 times
    (26 since last reset)
  • The average score is 97 of 157

Answer Stats

Answer% Correct
Egypt
91%
Belgium
83%
Italy
83%
Russia
83%
South Africa
83%
Argentina
78%
Australia
78%
Brazil
78%
Canada
78%
China
78%
Finland
78%
France
78%
Germany
78%
Indonesia
78%
Norway
78%
Poland
78%
Spain
78%
Sweden
78%
UK
78%
USA
78%
Albania
74%
Chile
74%
Denmark
74%
Ireland
74%
Japan
74%
Morocco
74%
Portugal
74%
Romania
74%
Uruguay
74%
Algeria
70%
Colombia
70%
Croatia
70%
Greece
70%
Mexico
70%
Mongolia
70%
Netherlands
70%
Niger
70%
Nigeria
70%
Saudi Arabia
70%
South Korea
70%
Sudan
70%
Switzerland
70%
Tunisia
70%
Ukraine
70%
Zambia
70%
Austria
65%
Bosnia and Herzegovina
65%
Cuba
65%
Ecuador
65%
Estonia
65%
Ethiopia
65%
India
65%
Iran
65%
Iraq
65%
Kazakhstan
65%
Kyrgyzstan
65%
Libya
65%
Lithuania
65%
New Zealand
65%
North Korea
65%
Panama
65%
Paraguay
65%
Slovakia
65%
Slovenia
65%
Somalia
65%
South Sudan
65%
United Arab Emirates
65%
Zimbabwe
65%
Afghanistan
61%
Angola
61%
Armenia
61%
Chad
61%
Costa Rica
61%
Czech Republic
61%
Eritrea
61%
Hungary
61%
Laos
61%
Latvia
61%
Madagascar
61%
Malaysia
61%
Mauritania
61%
Moldova
61%
North Macedonia
61%
Senegal
61%
Serbia
61%
Syria
61%
Turkey
61%
Uzbekistan
61%
Venezuela
61%
Vietnam
61%
Azerbaijan
57%
Bangladesh
57%
Belarus
57%
Bolivia
57%
Botswana
57%
Bulgaria
57%
Burkina Faso
57%
Cameroon
57%
Central African Republic
57%
Dominican Republic
57%
DR Congo
57%
Ghana
57%
Guatemala
57%
Guinea
57%
Haiti
57%
Israel
57%
Kenya
57%
Kosovo
57%
Lesotho
57%
Liberia
57%
Mali
57%
Namibia
57%
Nepal
57%
Nicaragua
57%
Oman
57%
Pakistan
57%
Peru
57%
Republic of the Congo
57%
Sierra Leone
57%
Tajikistan
57%
Tanzania
57%
Togo
57%
Yemen
57%
Cambodia
52%
Cyprus
52%
Djibouti
52%
Gabon
52%
Honduras
52%
Jamaica
52%
Jordan
52%
Kuwait
52%
Lebanon
52%
Malawi
52%
Papua New Guinea
52%
Philippines
52%
Rwanda
52%
Singapore
52%
Sri Lanka
52%
Taiwan
52%
Thailand
52%
Turkmenistan
52%
Uganda
52%
Benin
48%
Burundi
48%
El Salvador
48%
Georgia
48%
Mozambique
48%
Myanmar
48%
Qatar
48%
East Timor
43%
Eswatini
43%
Guinea Bissau
43%
Ivory Coast
43%
Mauritius
43%
The Gambia
43%
Bahrain
39%
Trinidad and Tobago
39%

Score Distribution

Percentile by Number Answered

Percent of People with Each Score

Your Score History

You have not taken this quiz since the last reset